<?xml version="1.0" encoding="UTF-8"?><?xml-stylesheet type="text/xsl" href="static/style.xsl"?><OAI-PMH xmlns="http://www.openarchives.org/OAI/2.0/" xmlns:xsi="http://www.w3.org/2001/XMLSchema-instance" xsi:schemaLocation="http://www.openarchives.org/OAI/2.0/ http://www.openarchives.org/OAI/2.0/OAI-PMH.xsd"><responseDate>2026-06-07T23:48:34Z</responseDate><request verb="GetRecord" identifier="oai:docta.ucm.es:20.500.14352/99056" metadataPrefix="marc">https://docta.ucm.es/rest/oai/request</request><GetRecord><record><header><identifier>oai:docta.ucm.es:20.500.14352/99056</identifier><datestamp>2025-05-12T23:56:09Z</datestamp><setSpec>com_20.500.14352_14</setSpec><setSpec>col_20.500.14352_15</setSpec></header><metadata><record xmlns="http://www.loc.gov/MARC21/slim" xmlns:dcterms="http://purl.org/dc/terms/" xmlns:xsi="http://www.w3.org/2001/XMLSchema-instance" xmlns:doc="http://www.lyncode.com/xoai" xsi:schemaLocation="http://www.loc.gov/MARC21/slim http://www.loc.gov/standards/marcxml/schema/MARC21slim.xsd">
   <leader>00925njm 22002777a 4500</leader>
   <datafield ind2=" " ind1=" " tag="042">
      <subfield code="a">dc</subfield>
   </datafield>
   <datafield ind2=" " ind1=" " tag="720">
      <subfield code="a">Carmona Perera, Martina</subfield>
      <subfield code="e">author</subfield>
   </datafield>
   <datafield ind2=" " ind1=" " tag="720">
      <subfield code="a">Molina Fernández, Antonio Jesús</subfield>
      <subfield code="e">author</subfield>
   </datafield>
   <datafield ind2=" " ind1=" " tag="720">
      <subfield code="a">Pérez García, Miguel</subfield>
      <subfield code="e">author</subfield>
   </datafield>
   <datafield ind2=" " ind1=" " tag="260">
      <subfield code="c">2012</subfield>
   </datafield>
   <datafield ind2=" " ind1=" " tag="520">
      <subfield code="a">Introducción. El juicio moral es un constructo relevante para la comprensión de las adicciones por implicar la integración de procesos cognitivos y emocionales y por su repercusión sobre la
conducta social y legal de los consumidores.

Objetivo. Investigar los juicios morales de policonsumidores de sustancias que siguen tratamiento en una comunidad terapéutica.

Material y métodos. Participaron 32 varones policonsumidores de sustancias y 32 no consumidores que completaron la versión española de la batería de dilemas morales de Moore.

Resultados. Los resultados mostraron que los juicios morales de los policonsumidores difieren significativamente del grupo no consumidor, siguiendo un patrón utilitarista en el que se asume una conducta emocionalmente aversiva en favor de un beneficio mayor (por ejemplo, matar a una persona para salvar un mayor número de vidas).

Conclusiones. Este hallazgo sugiere la existencia de una alteración en la toma de decisiones morales en la población de policonsumidores, que podría estar relacionada con los problemas psicosociales y legales (tráfi co de drogas, robo, etc.) que se asocian a esta población.</subfield>
   </datafield>
   <datafield ind1="8" ind2=" " tag="024">
      <subfield code="a">Carmona Perera, M., Molina-Fernández, A., &amp; Pérez García, M. (2012). Juicios morales en drogodependencias. Trastornos Adictivos, 14(1), 21–26. https://doi.org/10.1016/S1575-0973(12)70039-9</subfield>
   </datafield>
   <datafield ind1="8" ind2=" " tag="024">
      <subfield code="a">10.1016/S1575-0973(12)70039-9</subfield>
   </datafield>
   <datafield ind1="8" ind2=" " tag="024">
      <subfield code="a">https://hdl.handle.net/20.500.14352/99056</subfield>
   </datafield>
   <datafield ind1="8" ind2=" " tag="024">
      <subfield code="a">https://doi.org/10.1016/S1575-0973(12)70039-9</subfield>
   </datafield>
   <datafield ind1="8" ind2=" " tag="024">
      <subfield code="a">https://www.researchgate.net/publication/257662549_Juicios_morales_en_drogodependencias</subfield>
   </datafield>
   <datafield ind2="0" ind1="0" tag="245">
      <subfield code="a">Juicios morales en drogodependencias</subfield>
   </datafield>
</record></metadata></record></GetRecord></OAI-PMH>